000 00890nmm a2200313 a 4500
003 AR-BaBNM
005 20251128211822.0
008 126020s2005 ||||||||||||||000 | spa||
020 _a84-494-2869-6
040 _cAR-BaBNM
245 1 0 _aEl estudiante exitoso
_btécnicas de estudio paso a paso
260 _aBarcelona
_bOcéano
_c2005
300 0 _a600 p.
_e1 CD-ROM
_bil. col.
500 0 _aContiene un CD-ROM: Test de orientación vocacional. Solicitar en Mediateca
650 4 _aMETODOS DE ESTUDIO
650 4 _aAUTOAPRENDIZAJE
650 4 _aAUTOCONTROL
650 4 _aMEMORIA
650 4 _aAPRENDIZAJE EN GRUPO
650 4 _aBUSQUEDA DE INFORMACION
650 4 _aLECTURA
650 4 _aEXPRESION ORAL
650 4 _aSTRESS
653 0 _aAPRENDER A APRENDER
653 _aPRODUCCION DE TEXTOS
653 0 _aEXPRESION ESCRITA
942 _cBK
998 _cme-solo cat
999 _c21257
_d21257